[Event "Remote Easter Gr.B email"]
[Site "Remote email"]
[Date "2014.05.01"]
[Round "?"]
[White "Buhlmann, Werner"]
[Black "Fleury, Flavio"]
[Result "1/2-1/2"]
[WhiteElo "2144"]
[BlackElo "2347"]
[PlyCount "117"]
[EventDate "2014.??.??"]
[EventType "tourn (corr)"]
[EventRounds "8"]
[EventCountry "GER"]
[SourceTitle "Corr 2015"]
[Source "ChessBase"]
[SourceDate "2015.07.17"]
[SourceVersion "1"]
[SourceVersionDate "2015.07.17"]
[SourceQuality "1"]

1. e4 c5 2. Nf3 d6 3. d4 cxd4 4. c3 Nf6 5. Qxd4 Nc6 6. Qd3 e5 7. Be2 d5 8. Nbd2 Be7 9. 0-0 0-0 10. Re1 Be6 11. Ng5 Qd7 12. Nxe6 fxe6 13. b4 Nd8 14. Bb2 Nf7 15. Rad1 Rfd8 16. a3 a5 17. b5 Bc5 18. exd5 exd5 19. c4 e4 20. Qg3 d4 21. Nb3 Bd6 22. f4 Nh6 23. c5 Nf5 24. Qh3 Bxf4 25. Bc4+ Kh8 26. c6 bxc6 27. Nc5 Be3+ 28. Kh1 Qe7 29. Qxf5 cxb5 30. Ba2 Rdc8 31. Ne6 Rc2 32. Bd5 Rf2 33. Qe5 Re8 34. Bxd4 Bxd4 35. Qxd4 Rf5 36. Ba2 Qxa3 37. Ra1 Qb4 38. Reb1 Qxd4 39. Nxd4 Rf2 40. Nxb5 Rd2 41. Bb3 e3 42. Re1 g6 43. Rxa5 Re5 44. Ra8+ Kg7 45. Na3 Re7 46. Nc4 Rd3 47. Rb8 e2 48. Kg1 h5 49. Rb5 h4 50. Nb2 Rd4 51. Na4 Nh5 52. Nc5 Nf4 53. Rb6 h3 54. gxh3 Nxh3+ 55. Kg2 Nf4+ 56. Kf3 Kh6 57. Ne6 Rd1 58. Bxd1 exd1Q+ 59. Rxd1 1/2-1/2

[Event "Remote Easter Gr.B email"]
[Site "Remote email"]
[Date "2014.05.01"]
[Round "?"]
[White "Fleury, Flavio"]
[Black "Kahl, Karl Heinz"]
[Result "1-0"]
[WhiteElo "2347"]
[BlackElo "2194"]
[PlyCount "107"]
[EventDate "2014.??.??"]
[EventType "tourn (corr)"]
[EventRounds "8"]
[EventCountry "GER"]
[SourceTitle "Corr 2015"]
[Source "ChessBase"]
[SourceDate "2015.07.17"]
[SourceVersion "1"]
[SourceVersionDate "2015.07.17"]
[SourceQuality "1"]

1. e4 c6 2. d4 d5 3. e5 Bf5 4. c3 e6 5. Be2 Nd7 6. Nf3 c5 7. 0-0 Ne7 8. dxc5 Nc6 9. b4 Ndxe5 10. Nd4 Nxd4 11. cxd4 Nd7 12. Nc3 Be7 13. Bf4 0-0 14. Nb5 Bg6 15. Nd6 b6 16. Rc1 Nf6 17. Nb7 Qc8 18. c6 Bxb4 19. Qb3 Be7 20. Nd6 Bxd6 21. Bxd6 Re8 22. c7 Ne4 23. Bf4 e5 24. Bb5 Rf8 25. Bxe5 Nd2 26. Qa4 Nxf1 27. Bd7 b5 28. Qxb5 Bd3 29. Qxd5 Be4 30. Qd6 Qb7 31. Kxf1 Bxg2+ 32. Kg1 Bh1 33. d5 Qxd5 34. Qxd5 Bxd5 35. c8Q Raxc8 36. Bxc8 Bxa2 37. Bd7 f6 38. Bd6 Rd8 39. Rc7 Ra8 40. f4 a5 41. f5 h6 42. Be6+ Bxe6 43. fxe6 a4 44. Kf2 g5 45. Rd7 Re8 46. e7 Kf7 47. Ra7 f5 48. Rxa4 Rc8 49. Ra5 Kf6 50. Ke3 Re8 51. Ra6 Kf7 52. Kd4 f4 53. Ke5 f3 54. Bc5 1-0

[Event "Remote Easter Gr.B email"]
[Site "Remote email"]
[Date "2014.05.01"]
[Round "?"]
[White "Fleury, Flavio"]
[Black "Noack, Thomas"]
[Result "1-0"]
[WhiteElo "2347"]
[BlackElo "1964"]
[PlyCount "55"]
[EventDate "2014.??.??"]
[EventType "tourn (corr)"]
[EventRounds "8"]
[EventCountry "GER"]
[SourceTitle "Corr 2015"]
[Source "ChessBase"]
[SourceDate "2015.07.17"]
[SourceVersion "1"]
[SourceVersionDate "2015.07.17"]
[SourceQuality "1"]

1. e4 e5 2. Nf3 Nc6 3. Bb5 Nf6 4. 0-0 Nxe4 5. d4 Nd6 6. Bxc6 dxc6 7. dxe5 Nf5 8. Qxd8+ Kxd8 9. Nc3 h6 10. h3 Ne7 11. Rd1+ Ke8 12. Bf4 Ng6 13. Bg3 Be6 14. Nd4 Be7 15. Nxe6 fxe6 16. Ne2 Rd8 17. Rxd8+ Kxd8 18. Rd1+ Ke8 19. Nd4 Kf7 20. Rd3 Rd8 21. Rf3+ Kg8 22. Nxe6 Rd7 23. Kf1 Nf8 24. Nxf8 Bxf8 25. e6 Rd2 26. Rf7 Rxc2 27. Be5 g5 28. Rxc7 1-0

[Event "Remote 4 Seasons Spring email"]
[Site "Remote email"]
[Date "2014.04.15"]
[Round "?"]
[White "Dickl, Errol"]
[Black "Fleury, Flavio"]
[Result "1/2-1/2"]
[WhiteElo "2350"]
[BlackElo "2347"]
[PlyCount "31"]
[EventDate "2014.??.??"]
[EventType "tourn (corr)"]
[EventRounds "11"]
[EventCountry "GER"]
[SourceTitle "Corr 2015"]
[Source "ChessBase"]
[SourceDate "2015.07.17"]
[SourceVersion "1"]
[SourceVersionDate "2015.07.17"]
[SourceQuality "1"]

1. e4 c5 2. Nf3 d6 3. d4 cxd4 4. Nxd4 Nf6 5. Nc3 a6 6. Be2 e5 7. Nb3 Be7 8. 0-0 0-0 9. Kh1 Nc6 10. f3 a5 11. Bb5 Na7 12. Bd3 Nc6 13. a3 Be6 14. Be3 a4 15. Nd2 d5 16. exd5 1/2-1/2

[Event "Remote 4 Seasons Spring email"]
[Site "Remote email"]
[Date "2014.04.15"]
[Round "?"]
[White "Fleury, Flavio"]
[Black "Richter, Wolfgang"]
[Result "1/2-1/2"]
[WhiteElo "2347"]
[BlackElo "2348"]
[PlyCount "61"]
[EventDate "2014.??.??"]
[EventType "tourn (corr)"]
[EventRounds "11"]
[EventCountry "GER"]
[SourceTitle "Corr 2015"]
[Source "ChessBase"]
[SourceDate "2015.07.17"]
[SourceVersion "1"]
[SourceVersionDate "2015.07.17"]
[SourceQuality "1"]

1. e4 e5 2. Nf3 Nc6 3. Bb5 a6 4. Ba4 Nf6 5. 0-0 d6 6. Re1 b5 7. Bb3 Be7 8. c3 0-0 9. d4 Bg4 10. Be3 exd4 11. cxd4 d5 12. e5 Ne4 13. h3 Bh5 14. Nc3 Nxc3 15. bxc3 Na5 16. Bc2 Nc4 17. Qd3 Bg6 18. Qd1 Bxc2 19. Qxc2 Re8 20. Nd2 Nb6 21. f4 Rc8 22. f5 c5 23. Nf3 Nc4 24. Bf2 cxd4 25. Bxd4 h6 26. a4 b4 27. f6 Bf8 28. fxg7 Bxg7 29. Qf5 b3 30. e6 Rc7 31. Bxg7 1/2-1/2

[Event "Remote 4 Seasons Spring email"]
[Site "Remote email"]
[Date "2014.04.15"]
[Round "?"]
[White "Preussner, Michael"]
[Black "Fleury, Flavio"]
[Result "1/2-1/2"]
[WhiteElo "2293"]
[BlackElo "2347"]
[PlyCount "76"]
[EventDate "2014.??.??"]
[EventType "tourn (corr)"]
[EventRounds "11"]
[EventCountry "GER"]
[SourceTitle "Corr 2015"]
[Source "ChessBase"]
[SourceDate "2015.07.17"]
[SourceVersion "1"]
[SourceVersionDate "2015.07.17"]
[SourceQuality "1"]

1. d4 Nf6 2. f3 d5 3. e4 dxe4 4. Nc3 exf3 5. Nxf3 c6 6. Bc4 Bf5 7. Qe2 e6 8. Bg5 Be7 9. 0-0-0 0-0 10. Ne5 b5 11. Bb3 a5 12. g4 Nxg4 13. Bxe7 Qxe7 14. Nxg4 a4 15. Rhg1 Qh4 16. Bxe6 fxe6 17. a3 Na6 18. Ne3 Kh8 19. Nxf5 exf5 20. d5 b4 21. axb4 Nxb4 22. d6 a3 23. bxa3 Qf6 24. Qc4 Nd5 25. Nxd5 cxd5 26. Qxd5 Rxa3 27. Rg3 Ra1+ 28. Kd2 Qh6+ 29. Ke1 f4 30. Rb3 Raa8 31. d7 Qxh2 32. Kf1 h6 33. Rc3 Rad8 34. Qf3 Qh4 35. Rcd3 Rf7 36. c4 Qg5 37. Rd5 Qg6 38. c5 Qe6 1/2-1/2

[Event "Remote Superturnier 20 email"]
[Site "Remote email"]
[Date "2014.02.13"]
[Round "?"]
[White "Carlsen, Torben Erik"]
[Black "Fleury, Flavio"]
[Result "1/2-1/2"]
[WhiteElo "2360"]
[BlackElo "2347"]
[PlyCount "107"]
[EventDate "2014.??.??"]
[EventType "tourn (corr)"]
[EventRounds "14"]
[EventCountry "GER"]
[SourceTitle "Corr 2015"]
[Source "ChessBase"]
[SourceDate "2015.07.17"]
[SourceVersion "1"]
[SourceVersionDate "2015.07.17"]
[SourceQuality "1"]

1. e4 c5 2. c3 g6 3. d4 cxd4 4. cxd4 d5 5. exd5 Nf6 6. Nc3 Bg7 7. Bb5+ Nbd7 8. d6 0-0 9. dxe7 Qxe7+ 10. Nge2 a6 11. Bd3 b5 12. a3 Bb7 13. 0-0 Rfe8 14. Bg5 Rad8 15. Re1 Nf8 16. f3 Ne6 17. Be3 Qd7 18. Qd2 Nd5 19. Bf2 Nb6 20. Rad1 f5 21. h4 Bf6 22. h5 Bg5 23. Qc2 Rc8 24. Qb3 Bh6 25. Ra1 Bd5 26. Nxd5 Qxd5 27. Qb4 Qc6 28. Rad1 Nd5 29. Qb3 Kg7 30. Nc3 Nef4 31. Nxd5 Nxd5 32. Re5 Rcd8 33. Qc2 Qxc2 34. Bxc2 Ne3 35. Rxe8 Rxe8 36. Re1 Kf7 37. hxg6+ hxg6 38. Bd3 Nd5 39. Rxe8 Kxe8 40. a4 bxa4 41. Bxa6 Ke7 42. Bb5 Bc1 43. Bxa4 Bxb2 44. Bb3 Kd6 45. Kf1 g5 46. g3 Nc3 47. Bc4 g4 48. fxg4 fxg4 49. Be3 Ne4 50. Kg2 Nf6 51. Bf4+ Ke7 52. d5 Ba3 53. Be2 Nxd5 54. Bg5+ 1/2-1/2

[Event "Remote 4 Seasons Winter-B email"]
[Site "Remote email"]
[Date "2014.01.15"]
[Round "?"]
[White "Hansen, Marco"]
[Black "Fleury, Flavio"]
[Result "1-0"]
[WhiteElo "2273"]
[BlackElo "2344"]
[PlyCount "99"]
[EventDate "2014.??.??"]
[EventType "tourn (corr)"]
[EventRounds "13"]
[EventCountry "GER"]
[SourceTitle "Corr 2015"]
[Source "ChessBase"]
[SourceDate "2015.07.17"]
[SourceVersion "1"]
[SourceVersionDate "2015.07.17"]
[SourceQuality "1"]

1. Nf3 g6 2. c4 c5 3. d4 cxd4 4. Nxd4 f5 5. g3 Bg7 6. Bg2 Nc6 7. e3 h5 8. h4 Nf6 9. 0-0 0-0 10. Nc3 Ng4 11. Nce2 Qb6 12. Nf3 e6 13. Nf4 Ne7 14. Ng5 Bf6 15. a4 Qc7 16. Ra2 e5 17. Nd5 Nxd5 18. Qxd5+ Kg7 19. b3 Be7 20. Bb2 d6 21. a5 Rb8 22. Rd1 Nf6 23. Qd2 Rd8 24. Bc3 Bd7 25. Rc2 Bc8 26. Qc1 b6 27. Qa1 Nh7 28. axb6 axb6 29. c5 bxc5 30. Ba5 Rb6 31. Nxh7 Kxh7 32. b4 Bf8 33. Rb2 c4 34. Bxb6 Qxb6 35. Qa5 Qxa5 36. bxa5 Rd7 37. Rb8 Rc7 38. a6 Bxa6 39. Rxf8 Kg7 40. Ra8 Bb5 41. Rb8 Ba4 42. Rc1 Rc5 43. Rd8 c3 44. Ra8 Bc6 45. Bxc6 Rxc6 46. Ra3 c2 47. Ra2 Kf6 48. Raxc2 Rxc2 49. Rxc2 Ke6 50. f4 1-0

[Event "Remote 4 Seasons Winter-B email"]
[Site "Remote email"]
[Date "2014.01.15"]
[Round "?"]
[White "Nogler, Schimun"]
[Black "Fleury, Flavio"]
[Result "1/2-1/2"]
[WhiteElo "2397"]
[BlackElo "2347"]
[PlyCount "120"]
[EventDate "2014.??.??"]
[EventType "tourn (corr)"]
[EventRounds "13"]
[EventCountry "GER"]
[SourceTitle "Corr 2015"]
[Source "ChessBase"]
[SourceDate "2015.07.17"]
[SourceVersion "1"]
[SourceVersionDate "2015.07.17"]
[SourceQuality "1"]

1. e4 e5 2. Nc3 Nf6 3. Nf3 Nc6 4. Bb5 Bc5 5. 0-0 0-0 6. Nxe5 Nxe5 7. d4 Bd6 8. f4 Neg4 9. Be2 Bb4 10. e5 d6 11. exf6 Nxf6 12. f5 h6 13. Bd3 Re8 14. Qf3 d5 15. a3 Be7 16. Bf4 c6 17. Rae1 b5 18. Re3 Bd6 19. Rxe8+ Nxe8 20. Ne2 Bxf4 21. Qxf4 a5 22. Nc1 Ra7 23. Nb3 Re7 24. Nc5 Nf6 25. g4 Re8 26. h3 Nd7 27. Nxd7 Bxd7 28. f6 Qxf6 29. Qxf6 gxf6 30. Rxf6 Re6 31. Rxe6 Bxe6 32. Kf2 b4 33. Ke3 Kg7 34. axb4 axb4 35. Kf4 f6 36. Bf5 Bg8 37. Bd7 Kf7 38. Bxc6 Ke7 39. Bb5 Be6 40. Be2 Bd7 41. Bf1 Ke6 42. Bd3 Ke7 43. Kf3 Kd6 44. Ke3 Ba4 45. Kf4 Ke6 46. Bg6 Bc6 47. Ke3 Ba4 48. Bh7 Ke7 49. Bf5 Kd6 50. h4 Be8 51. Bd3 Bc6 52. Kf4 Bd7 53. Kf3 Ba4 54. Kf2 Bd7 55. Kg3 Ba4 56. Bg6 Ke7 57. Bf5 Bb5 58. Kf4 Ba4 59. Bg6 Bb5 60. Bh7 Kf7 1/2-1/2

[Event "Remote 4 Seasons Winter-B email"]
[Site "Remote email"]
[Date "2014.01.15"]
[Round "?"]
[White "Preussner, Michael"]
[Black "Fleury, Flavio"]
[Result "1/2-1/2"]
[WhiteElo "2268"]
[BlackElo "2344"]
[PlyCount "61"]
[EventDate "2014.??.??"]
[EventType "tourn (corr)"]
[EventRounds "13"]
[EventCountry "GER"]
[SourceTitle "Corr 2015"]
[Source "ChessBase"]
[SourceDate "2015.07.17"]
[SourceVersion "1"]
[SourceVersionDate "2015.07.17"]
[SourceQuality "1"]

1. e4 c5 2. Nf3 d6 3. d4 cxd4 4. Nxd4 Nf6 5. Nc3 a6 6. Bg5 Nc6 7. Qd2 Bd7 8. 0-0-0 e6 9. f4 h6 10. Bh4 b5 11. Bxf6 Qxf6 12. e5 dxe5 13. Ndxb5 Qd8 14. Nd6+ Bxd6 15. Qxd6 exf4 16. Bxa6 Rxa6 17. Nb5 Ra7 18. Nxa7 Nxa7 19. Qd4 Nc6 20. Qxg7 Rf8 21. Qxh6 Qc7 22. Rd2 e5 23. Re1 Be6 24. g3 fxg3 25. hxg3 Ke7 26. g4 Rg8 27. Qh4+ Ke8 28. Re4 Qe7 29. Qh1 Qc5 30. Ra4 Ke7 31. Qh4+ 1/2-1/2

[Event "Remote 4 Seasons Winter-B email"]
[Site "Remote email"]
[Date "2014.01.15"]
[Round "?"]
[White "Traut, Gerhard"]
[Black "Fleury, Flavio"]
[Result "1/2-1/2"]
[WhiteElo "2294"]
[BlackElo "2344"]
[PlyCount "60"]
[EventDate "2014.??.??"]
[EventType "tourn (corr)"]
[EventRounds "13"]
[EventCountry "GER"]
[SourceTitle "Corr 2015"]
[Source "ChessBase"]
[SourceDate "2015.07.17"]
[SourceVersion "1"]
[SourceVersionDate "2015.07.17"]
[SourceQuality "1"]

1. e4 c5 2. Nf3 d6 3. d4 cxd4 4. Nxd4 Nf6 5. Nc3 a6 6. Be3 e5 7. Nf3 Be7 8. Bc4 0-0 9. 0-0 Be6 10. Bb3 Nc6 11. Qe2 Na5 12. Rfd1 Nxb3 13. cxb3 Nd7 14. Nd2 b5 15. Rdc1 f5 16. exf5 Rxf5 17. Nf3 Kh8 18. Rd1 Qf8 19. Rac1 Rc8 20. Nd5 Rxc1 21. Bxc1 Bxd5 22. Rxd5 Qc8 23. Rd1 Rf8 24. Bg5 Bxg5 25. Nxg5 Nf6 26. Ne4 Nxe4 27. Qxe4 Qc5 28. Rf1 h6 29. g3 a5 30. Kg2 b4 1/2-1/2

[Event "Remote S7E High-151 email"]
[Site "Remote email"]
[Date "2013.12.03"]
[Round "?"]
[White "Fleury, Flavio"]
[Black "Doderer, Harald"]
[Result "1/2-1/2"]
[WhiteElo "2344"]
[BlackElo "2449"]
[PlyCount "37"]
[EventDate "2013.??.??"]
[EventType "tourn (corr)"]
[EventRounds "6"]
[EventCountry "GER"]
[SourceTitle "Corr 2015"]
[Source "ChessBase"]
[SourceDate "2015.07.17"]
[SourceVersion "1"]
[SourceVersionDate "2015.07.17"]
[SourceQuality "1"]

1. e4 c5 2. Nf3 Nc6 3. Bb5 g6 4. Nc3 Bg7 5. 0-0 d6 6. Bxc6+ bxc6 7. e5 dxe5 8. Re1 Qc7 9. d3 c4 10. h3 Be6 11. Qe2 cxd3 12. cxd3 Nf6 13. Nxe5 0-0 14. b3 Nd5 15. Na4 c5 16. Ba3 Rac8 17. Rad1 Qb8 18. d4 cxd4 19. Rxd4 1/2-1/2

[Event "Remote S7E High-151 email"]
[Site "Remote email"]
[Date "2013.12.03"]
[Round "?"]
[White "Fleury, Flavio"]
[Black "Tauscher, Karl"]
[Result "1/2-1/2"]
[WhiteElo "2344"]
[BlackElo "2408"]
[PlyCount "52"]
[EventDate "2013.??.??"]
[EventType "tourn (corr)"]
[EventRounds "6"]
[EventCountry "GER"]
[SourceTitle "Corr 2015"]
[Source "ChessBase"]
[SourceDate "2015.07.17"]
[SourceVersion "1"]
[SourceVersionDate "2015.07.17"]
[SourceQuality "1"]

1. e4 e5 2. Nf3 Nf6 3. d4 exd4 4. e5 Ne4 5. Qxd4 d5 6. exd6 Nxd6 7. Nc3 Nc6 8. Qf4 g6 9. Be3 Bg7 10. 0-0-0 0-0 11. h4 h5 12. Bb5 Bg4 13. Bxc6 bxc6 14. Bd4 Re8 15. Rd2 Bxf3 16. Bxg7 Kxg7 17. Qxf3 Qd7 18. Rhd1 Re5 19. Ne4 Qf5 20. Nxd6 Qxf3 21. gxf3 cxd6 22. Rxd6 Rf5 23. R6d3 Rf4 24. Rh1 a5 25. Rh3 a4 26. Re3 Rd8 1/2-1/2

[Event "Remote S7E High-149 email"]
[Site "Remote email"]
[Date "2013.10.19"]
[Round "?"]
[White "Kuna, Heiko"]
[Black "Fleury, Flavio"]
[Result "1/2-1/2"]
[WhiteElo "2382"]
[BlackElo "2377"]
[PlyCount "60"]
[EventDate "2013.??.??"]
[EventType "tourn (corr)"]
[EventRounds "6"]
[EventCountry "GER"]
[SourceTitle "Corr 2015"]
[Source "ChessBase"]
[SourceDate "2015.07.17"]
[SourceVersion "1"]
[SourceVersionDate "2015.07.17"]
[SourceQuality "1"]

1. e4 c5 2. Nf3 Nc6 3. d4 cxd4 4. Nxd4 Nf6 5. Nc3 e5 6. Ndb5 d6 7. Bg5 a6 8. Na3 b5 9. Nd5 Be7 10. Bxf6 Bxf6 11. c3 0-0 12. Nc2 Rb8 13. h4 Be6 14. g3 Be7 15. a3 Qd7 16. Nce3 Bd8 17. Qd3 Ne7 18. Bg2 Nxd5 19. exd5 Bg4 20. Be4 f5 21. Nxg4 fxe4 22. Qxe4 Bb6 23. 0-0 h5 24. Ne3 Qh3 25. Qg2 Qd7 26. Rad1 Rf6 27. Qe4 Qh3 28. Qh1 Qd7 29. Qe4 Qh3 30. Qh1 Qd7 1/2-1/2

[Event "Remote 4 Seasons Autumn-B email"]
[Site "Remote email"]
[Date "2013.10.15"]
[Round "?"]
[White "Fleury, Flavio"]
[Black "Berner, Ralph"]
[Result "1/2-1/2"]
[WhiteElo "2344"]
[BlackElo "2108"]
[PlyCount "47"]
[EventDate "2013.??.??"]
[EventType "tourn (corr)"]
[EventRounds "10"]
[EventCountry "GER"]
[SourceTitle "Corr 2015"]
[Source "ChessBase"]
[SourceDate "2015.07.17"]
[SourceVersion "1"]
[SourceVersionDate "2015.07.17"]
[SourceQuality "1"]

1. e4 e6 2. d4 d5 3. Nd2 Nf6 4. e5 Nfd7 5. c3 c5 6. Bd3 Nc6 7. Ne2 cxd4 8. cxd4 f6 9. Nf4 Nxd4 10. Qh5+ Ke7 11. exf6+ Nxf6 12. Ng6+ hxg6 13. Qxh8 Kf7 14. 0-0 e5 15. Nb3 Nxb3 16. axb3 Bf5 17. Bxf5 gxf5 18. Bg5 Bc5 19. Qh3 Qd7 20. Bxf6 Kxf6 21. Rfe1 Re8 22. Rad1 g6 23. b4 Bb6 24. Qh4+ 1/2-1/2

[Event "Remote 4 Seasons Autumn-B email"]
[Site "Remote email"]
[Date "2013.10.15"]
[Round "?"]
[White "Preussner, Michael"]
[Black "Fleury, Flavio"]
[Result "0-1"]
[WhiteElo "2272"]
[BlackElo "2347"]
[PlyCount "118"]
[EventDate "2013.??.??"]
[EventType "tourn (corr)"]
[EventRounds "10"]
[EventCountry "GER"]
[SourceTitle "Corr 2015"]
[Source "ChessBase"]
[SourceDate "2015.07.17"]
[SourceVersion "1"]
[SourceVersionDate "2015.07.17"]
[SourceQuality "1"]

1. e4 c5 2. Nf3 Nc6 3. d4 cxd4 4. Nxd4 Nf6 5. Nc3 e5 6. Ndb5 d6 7. Bg5 a6 8. Na3 b5 9. Nd5 Be7 10. Bxf6 Bxf6 11. c4 b4 12. Nc2 a5 13. Be2 0-0 14. Qd3 Be6 15. 0-0 Bg5 16. Rad1 Rb8 17. b3 Rb7 18. Nce3 Rd7 19. h3 g6 20. Nc2 Bh6 21. Bg4 f5 22. Bf3 Kh8 23. Qe2 Bg5 24. exf5 gxf5 25. Nf6 Bxf6 26. Bxc6 Rg7 27. Kh1 Qc7 28. Bd5 Bd7 29. Qh5 Qc5 30. Ne3 Bg5 31. Qe2 Rf6 32. Bf3 Rh6 33. Nd5 Rh4 34. Rfe1 e4 35. Bh5 f4 36. Kg1 f3 37. Bxf3 exf3 38. Qxf3 Rh6 39. Re4 Rhg6 40. Kh1 Bc6 41. h4 Bh6 42. g4 Qa7 43. g5 Rf7 44. Rf4 Rxf4 45. Qxf4 Qd7 46. Kg2 Bg7 47. Qe4 Re6 48. Qf3 h6 49. Rd3 Qe8 50. Qf4 Qg6 51. Re3 Rf6 52. Qg4 Qf5 53. Qxf5 Rxf5 54. gxh6 Bxd5+ 55. cxd5 Bxh6 56. Re6 Bf8 57. Re8 Kg7 58. Kg3 Rxd5 59. Ra8 Kf7 0-1

[Event "Remote 4 Seasons Autumn-B email"]
[Site "Remote email"]
[Date "2013.10.15"]
[Round "?"]
[White "Traut, Gerhard"]
[Black "Fleury, Flavio"]
[Result "0-1"]
[WhiteElo "2258"]
[BlackElo "2377"]
[PlyCount "150"]
[EventDate "2013.??.??"]
[EventType "tourn (corr)"]
[EventRounds "10"]
[EventCountry "GER"]
[SourceTitle "Corr 2015"]
[Source "ChessBase"]
[SourceDate "2015.07.17"]
[SourceVersion "1"]
[SourceVersionDate "2015.07.17"]
[SourceQuality "1"]

1. b3 e5 2. Bb2 Nc6 3. e3 Nf6 4. Bb5 e4 5. Ne2 a6 6. Bxc6 dxc6 7. h3 Bd6 8. a3 0-0 9. d3 Bf5 10. d4 Nd7 11. Nd2 b5 12. Nf1 Be6 13. a4 Nb6 14. Nfg3 f5 15. axb5 axb5 16. Rxa8 Qxa8 17. 0-0 b4 18. Qa1 Nd5 19. Qxa8 Rxa8 20. Ra1 Rxa1+ 21. Bxa1 Bc8 22. Kf1 g5 23. Ke1 Kf7 24. Bb2 Kg6 25. Bc1 h5 26. Nf1 c5 27. dxc5 Bxc5 28. Nd2 Ba6 29. g3 Be7 30. Bb2 c5 31. Be5 Kf7 32. Nb1 Ke6 33. Bg7 Nb6 34. Bh8 Nd7 35. c3 bxc3 36. Bxc3 Bd3 37. Nd2 Bd6 38. Nc1 Ba6 39. Kd1 Be5 40. Kc2 Bc7 41. b4 cxb4 42. Bxb4 Ne5 43. Bc3 g4 44. h4 Nd3 45. Nxd3 exd3+ 46. Kc1 Kd5 47. Kd1 Bd6 48. Kc1 Ba3+ 49. Kd1 Bb5 50. Nb1 Bc5 51. Ke1 Kc4 52. Ba5 Kb3 53. Kd2 Kc4 54. Nc3 Bc6 55. Nd1 Ba3 56. Nc3 Be4 57. Nb1 Bc5 58. Nc3 Bd6 59. Nd1 Ba3 60. Nc3 Bc6 61. Nb1 Bc5 62. Ke1 Kb3 63. Kd2 Bd5 64. Kd1 f4 65. gxf4 Be7 66. e4 Bc6 67. Nd2+ Ka4 68. Bc3 Bxh4 69. Ke1 Bd8 70. f5 h4 71. e5 h3 72. Nf1 Kb3 73. Bd2 Bc7 74. f6 Bxe5 75. f7 Bg7 0-1

[Event "Remote-ch 2013 email"]
[Site "Remote email"]
[Date "2013.10.01"]
[Round "1"]
[White "Fleury, Flavio"]
[Black "Zidu, Jan"]
[Result "0-1"]
[WhiteElo "2377"]
[BlackElo "2533"]
[PlyCount "34"]
[EventDate "2013.??.??"]
[EventType "tourn (corr)"]
[EventRounds "6"]
[EventCountry "GER"]
[SourceTitle "Corr 2015"]
[Source "ChessBase"]
[SourceDate "2015.07.17"]
[SourceVersion "1"]
[SourceVersionDate "2015.07.17"]
[SourceQuality "1"]

1. Nf3 Nf6 2. d4 d5 3. c4 c6 4. Nc3 e6 5. Bg5 h6 6. Bh4 dxc4 7. e4 g5 8. Bg3 b5 9. Be2 Bb7 10. 0-0 Nbd7 11. Ne5 h5 12. Nxd7 Qxd7 13. Be5 Rh6 14. Qc1 Ng4 15. Bg3 h4 16. Bxg4 hxg3 17. fxg3 Qxd4+ 0-1

[Event "Remote Jubilee Gr.B email"]
[Site "Remote email"]
[Date "2013.09.02"]
[Round "?"]
[White "Svrsek, Radomir Jr"]
[Black "Fleury, Flavio"]
[Result "1/2-1/2"]
[WhiteElo "2394"]
[BlackElo "2364"]
[PlyCount "55"]
[EventDate "2013.??.??"]
[EventType "tourn (corr)"]
[EventRounds "11"]
[EventCountry "GER"]
[SourceTitle "Corr 2015"]
[Source "ChessBase"]
[SourceDate "2015.07.17"]
[SourceVersion "1"]
[SourceVersionDate "2015.07.17"]
[SourceQuality "1"]

1. e4 c5 2. Nf3 Nc6 3. d4 cxd4 4. Nxd4 Nf6 5. Nxc6 bxc6 6. Nc3 e5 7. Bc4 Bb4 8. 0-0 Bxc3 9. bxc3 0-0 10. Bg5 h6 11. Bxf6 Qxf6 12. Rb1 Rd8 13. Re1 d6 14. Qe2 Be6 15. Bb3 a5 16. a3 Qe7 17. Bxe6 Qxe6 18. c4 Rab8 19. g3 h5 20. h4 a4 21. Kg2 g6 22. Qd3 Kg7 23. Red1 Rdc8 24. Kh2 Rd8 25. Rxb8 Rxb8 26. Qxd6 Qxd6 27. Rxd6 Rb2 28. Kg2 1/2-1/2

[Event "Remote Superturnier 19 email"]
[Site "Remote email"]
[Date "2013.08.11"]
[Round "?"]
[White "Fleury, Flavio"]
[Black "Gnuechtel, Andreas"]
[Result "1/2-1/2"]
[WhiteElo "2364"]
[BlackElo "2287"]
[PlyCount "50"]
[EventDate "2013.??.??"]
[EventType "tourn (corr)"]
[EventRounds "14"]
[EventCountry "GER"]
[SourceTitle "Corr 2015"]
[Source "ChessBase"]
[SourceDate "2015.07.17"]
[SourceVersion "1"]
[SourceVersionDate "2015.07.17"]
[SourceQuality "1"]

1. e4 e5 2. Nf3 Nc6 3. Bb5 a6 4. Bxc6 dxc6 5. 0-0 Bg4 6. h3 h5 7. d3 Qf6 8. Nbd2 Ne7 9. Re1 Ng6 10. d4 Bd6 11. Qe2 Nf4 12. Qe3 Bxh3 13. dxe5 Qg6 14. Nh4 Qg4 15. g3 Bxe5 16. Nc4 f6 17. Nxe5 fxe5 18. Kh2 Bg2 19. gxf4 exf4 20. Qc3 Qxh4+ 21. Kxg2 Qg4+ 22. Kh2 Qh4+ 23. Kg1 Qg4+ 24. Kh2 Qh4+ 25. Kg1 Qg4+ 1/2-1/2

[Event "Remote Superturnier 19 email"]
[Site "Remote email"]
[Date "2013.08.11"]
[Round "?"]
[White "Fleury, Flavio"]
[Black "Markus, Roland"]
[Result "1/2-1/2"]
[WhiteElo "2377"]
[BlackElo "2484"]
[PlyCount "101"]
[EventDate "2013.??.??"]
[EventType "tourn (corr)"]
[EventRounds "14"]
[EventCountry "GER"]
[SourceTitle "Corr 2015"]
[Source "ChessBase"]
[SourceDate "2015.07.17"]
[SourceVersion "1"]
[SourceVersionDate "2015.07.17"]
[SourceQuality "1"]

1. e4 c6 2. Nf3 d5 3. e5 Bg4 4. Be2 e6 5. 0-0 Ne7 6. d4 Nd7 7. Nbd2 c5 8. c4 cxd4 9. Nxd4 Bxe2 10. Qxe2 a6 11. Re1 Nc6 12. Nxc6 bxc6 13. Nf3 Bc5 14. Be3 Bxe3 15. Qxe3 0-0 16. Rac1 Rc8 17. c5 a5 18. Nd4 Re8 19. f4 Nf8 20. Rf1 Ng6 21. Rce1 Qc7 22. b3 Rb8 23. Qc3 h6 24. g4 Rf8 25. f5 Nxe5 26. fxe6 f6 27. h3 Rfe8 28. Re2 Re7 29. Kg2 Kh7 30. Qc2+ Kg8 31. a3 Rbe8 32. Qf5 Qc8 33. h4 Rxe6 34. Nxe6 Qxe6 35. Qxe6+ Rxe6 36. Kg3 Kf7 37. h5 Re8 38. Rf4 Ke6 39. Re3 Rb8 40. Rd4 Rb7 41. Rc3 Rf7 42. Kf4 Rf8 43. Re3 Rb8 44. Rc3 Rf8 45. b4 Ra8 46. Ke3 axb4 47. Rxb4 Ra5 48. a4 Kf7 49. Kd2 Nc4+ 50. Kd3 g5 51. Kd4 1/2-1/2